| 000 -LEADER |
| fixed length control field |
02495cam a22003857i 4500 |
| 001 - CONTROL NUMBER |
| control field |
19435758 |
| 003 - CONTROL NUMBER IDENTIFIER |
| control field |
NUST |
| 005 - DATE AND TIME OF LATEST TRANSACTION |
| control field |
20230413080930.0 |
| 008 - FIXED-LENGTH DATA ELEMENTS--GENERAL INFORMATION |
| fixed length control field |
170110t20172017xx a 001 0 eng d |
| 010 ## - LIBRARY OF CONGRESS CONTROL NUMBER |
| LC control number |
2017930696 |
| 020 ## - INTERNATIONAL STANDARD BOOK NUMBER |
| International Standard Book Number |
0128042761 |
| 020 ## - INTERNATIONAL STANDARD BOOK NUMBER |
| International Standard Book Number |
9780128042762 |
| 035 ## - SYSTEM CONTROL NUMBER |
| System control number |
(OCoLC)ocn960895687 |
| 040 ## - CATALOGING SOURCE |
| Original cataloging agency |
YDX |
| Language of cataloging |
eng |
| Transcribing agency |
YDX |
| Description conventions |
rda |
| Modifying agency |
OCLCQ |
| -- |
BTCTA |
| -- |
BDX |
| -- |
YDX |
| -- |
NKM |
| -- |
GSU |
| -- |
DLC |
| 042 ## - AUTHENTICATION CODE |
| Authentication code |
lccopycat |
| 050 00 - LIBRARY OF CONGRESS CALL NUMBER |
| Classification number |
HT165.5 |
| Item number |
.U727 2017 |
| 082 04 - DEWEY DECIMAL CLASSIFICATION NUMBER |
| Classification number |
307.1216 |
| Edition number |
23 |
| Author Mark |
MAR |
| 245 00 - TITLE STATEMENT |
| Title |
Urban planning for disaster recovery / |
| Statement of responsibility, etc. |
edited by Alan March, The University of Melbourne, Australia, Maria Kornakova, The University of Melbourne, Australia, Massey University, New Zealand. |
| 264 #1 - PRODUCTION, PUBLICATION, DISTRIBUTION, MANUFACTURE, AND COPYRIGHT NOTICE |
| Place of production, publication, distribution, manufacture |
Oxford : |
| Name of producer, publisher, distributor, manufacturer |
Butterworth-Heinemann, An imprint of Elsevier, |
| Date of production, publication, distribution, manufacture, or copyright notice |
[2017] |
| 264 #4 - PRODUCTION, PUBLICATION, DISTRIBUTION, MANUFACTURE, AND COPYRIGHT NOTICE |
| Date of production, publication, distribution, manufacture, or copyright notice |
©2017 |
| 300 ## - PHYSICAL DESCRIPTION |
| Extent |
xv, 257 pages : |
| Other physical details |
illustrations ; |
| Dimensions |
24 cm |
| 336 ## - CONTENT TYPE |
| Content type term |
text |
| Content type code |
txt |
| Source |
rdacontent |
| 337 ## - MEDIA TYPE |
| Media type term |
unmediated |
| Media type code |
n |
| Source |
rdamedia |
| 338 ## - CARRIER TYPE |
| Carrier type term |
volume |
| Carrier type code |
nc |
| Source |
rdacarrier |
| 504 ## - BIBLIOGRAPHY, ETC. NOTE |
| Bibliography, etc. note |
Includes bibliographical references and index. |
| 505 0# - FORMATTED CONTENTS NOTE |
| Formatted contents note |
Integration and collective actions: studies of urban planning and recovery after disasters -- Urban planning and recovery governance -- Equity in recovery -- When systems break down: the role of international aid and humanitarian response in disaster recovery -- Rebuilding or repositioning: lessons for Sandy, New Orleans, and elsewhere -- Finance, insurance, and facilitation of recovery: should the role and responsibility assigned to government be to assert control over long-term planning? -- From recovery to prevention: the Swiss avalanche program -- Reconstruction of informality: can formal reconstruction re-create informality? -- Reconstructing vulnerability after the 2013 European floods: oil damage and recovery -- The opportunity for improved regulations after the 2009 Victorian wildfires in Australia -- Toward sustainable disaster recovery by seeing it as "more than a roof overhead" -- Resilient housing reconstruction in the developing world -- Ten years of great love: the evolution of housing reconstruction in Banda Aceh, Indonesia -- Community-driven change -- Planning for recovery: ideas and problematics. |
| 650 #0 - SUBJECT ADDED ENTRY--TOPICAL TERM |
| Topical term or geographic name entry element |
City planning. |
| 650 #0 - SUBJECT ADDED ENTRY--TOPICAL TERM |
| Topical term or geographic name entry element |
Emergency management. |
| 700 1# - ADDED ENTRY--PERSONAL NAME |
| Personal name |
March, Alan. |
| 9 (RLIN) |
111837 |
| 700 1# - ADDED ENTRY--PERSONAL NAME |
| Personal name |
Kornakova, Maria. |
| 9 (RLIN) |
111838 |
| 906 ## - LOCAL DATA ELEMENT F, LDF (RLIN) |
| a |
7 |
| b |
cbc |
| c |
copycat |
| d |
2 |
| e |
ncip |
| f |
20 |
| g |
y-gencatlg |
| 942 ## - ADDED ENTRY ELEMENTS (KOHA) |
| Source of classification or shelving scheme |
|
| Koha item type |
Book |